[Event "Stockholm Chess Challenge 2019"]
[Site "Stockholm"]
[Date "2019.04.28"]
[Round "5.1"]
[White "Seo, Jung Min"]
[Black "Stupak, Kirill"]
[Result "1/2-1/2"]
[WhiteElo "2386"]
[BlackElo "2547"]
[Annotator "TA"]
[PlyCount "62"]
[EventDate "2019.04.26"]
[EventType "swiss"]
[EventCountry "SWE"]
[SourceTitle "playchess.com"]
[Source "ChessBase"]
[SourceQuality "1"]

{[%evp 20,62,22,23,25,20,20,22,65,31,27,16,29,35,35,39,48,33,20,8,10,11,10,0,0,0,0,0,0,0,0,0,0,0,0,0,0,0,0,0,0,0,0,0,0]} 1. d4 Nf6 2. c4 b6 3. Nc3 Bb7 4. Nf3 e6 5. Qc2 Bb4 6. a3 Bxc3+ 7. Qxc3 d6 8. g3 Nbd7 9. Bg2 a5 10. b3 O-O 11. O-O c5 {E32: Nimzo-Indian: Classical (4 Qc2): 4...0-0} 12. Rd1 Qe7 13. Bb2 d5 {[#]} 14. cxd5 $146 ({Predecessor:} 14. dxc5 Nxc5 15. Ne5 Nfe4 16. Qe3 f6 17. cxd5 exd5 18. Nf3 Rfe8 19. Nd4 Qd7 20. Qf4 {½-½ (62) Georgiev,K (2645)-Brodsky,M (2515) Cappelle-la-Grande 1997}) 14... Bxd5 15. Ne5 Bxg2 16. Nxd7 Qxd7 17. Kxg2 Rfc8 18. Qf3 (18. dxc5 {keeps more tension.} Qc6+ 19. Kg1 Qxc5 20. Qf3 Qe7 21. Rac1) 18... Qd5 19. dxc5 {The position is equal.} Qxf3+ 20. Kxf3 bxc5 21. Bxf6 gxf6 $11 {[%mdl 4096] Endgame KRR-KRR} 22. Rdc1 a4 {[%cal Ba5a4,Ba4a3][%mdl 32]} 23. b4 cxb4 {...b3 is the strong threat.} 24. Rxc8+ Rxc8 25. axb4 {KR-KR} Rc3+ 26. Kg2 a3 27. b5 Rb3 28. b6 Kg7 29. b7 f5 30. b8=Q Rxb8 31. Rxa3 Rb7 {Accuracy: White = 65%, Black = 65%.} 1/2-1/2

[Event "Stockholm Chess Challenge 2019"]
[Site "Stockholm"]
[Date "2019.04.28"]
[Round "5.2"]
[White "Maiorov, Nikita"]
[Black "Sorensen, Hampus"]
[Result "1-0"]
[WhiteElo "2540"]
[BlackElo "2319"]
[Annotator "TA"]
[PlyCount "115"]
[EventDate "2019.04.26"]
[EventType "swiss"]
[EventCountry "SWE"]
[SourceTitle "playchess.com"]
[Source "ChessBase"]
[SourceQuality "1"]

{[%evp 21,115,25,35,16,55,42,68,60,73,56,56,50,48,41,79,80,89,76,85,91,86,98,99,78,110,98,105,68,74,78,126,120,151,163,170,155,135,0,155,162,174,160,193,183,212,181,218,210,216,200,269,268,282,285,281,259,260,254,304,306,272,233,245,210,203,208,186,170,178,172,318,307,357,363,367,342,355,360,354,337,415,428,525,591,568,542,543,516,809,214,806,803,776,708,780,761]} 1. d4 d5 2. c4 c6 3. Nc3 Nf6 4. e3 e6 5. Nf3 a6 6. Bd3 dxc4 7. Bxc4 b5 8. Be2 c5 9. O-O Bb7 10. dxc5 Bxc5 11. Qxd8+ Kxd8 12. Nd2 {D27: Queen's Gambit Accepted: Classical main line: 7 e4!? and 7 a4} Nc6 (12... Ke7 13. Nb3 Bb6 14. a4 b4 15. a5 Bc7 16. Na4 Nbd7 17. Bd2 Bd6 18. Rfc1 Rhc8 19. Nb6 Rxc1+ 20. Rxc1 Nxb6 21. axb6 {1-0 (31) Carlsen,M (2832)-So,W (2815) chess.com INT 2017}) 13. Nb3 {[#]} Be7 $146 ({Predecessor:} 13... Bb4 14. a4 bxa4 15. Nxa4 Nd7 16. Rd1 Ke7 17. Bd2 Rhc8 18. Rac1 Bxd2 19. Rxd2 Nce5 20. Rxc8 Rxc8 {1-0 (97) Goganov,A (2576)-Zubov,A (2611) Ankara 2018}) 14. f3 {White is slightly better.} Kc7 15. e4 Rac8 16. a4 b4 17. Nb1 Nd7 18. Bf4+ Bd6 19. Be3 Be5 20. Ra2 Kb8 21. N1d2 Bc7 22. Raa1 Bb6 23. Bxb6 Nxb6 24. Rfc1 Rhd8 25. a5 Na8 26. Kf2 Rc7 27. Nc4 {[%cal Bd2c4,Bc4e3,Be3c2,Bc2b4][%mdl 32]} Ka7 28. Rd1 Rcd7 29. Rdc1 Rc7 $1 30. g3 Bc8 31. Ne3 Bb7 32. Rc4 Rdc8 33. Nc2 Ne5 34. Rxc7 Nxc7 35. Nxb4 Rb8 36. Rc1 Ne8 37. Nc5 Bc8 38. Ncd3 ({Less strong is} 38. Ncxa6 Bxa6 39. Nxa6 Rxb2 $16) ({Weaker is} 38. Nbxa6 Rxb2 39. Ke3 Bxa6 $16) (38. Bxa6 Rxb4 39. Bxc8 Rxb2+ 40. Ke3 Ra2 $11) 38... Nxd3+ 39. Nxd3 ({Don't do} 39. Bxd3 $6 Rxb4 40. Rxc8 Rxb2+ 41. Ke3 Nf6 $16) 39... f6 40. e5 Bd7 41. Rc2 Bb5 42. Nc5 Bxe2 43. Rxe2 fxe5 44. Nxe6 $18 {[%mdl 4096] Endgame KRN-KRN} Rb5 45. Nd8 Nd6 {[#]} (45... Kb8 {was called for.} 46. Nc6+ Kc7) 46. b4 $1 {[%mdl 512]} Ka8 {[#]} (46... Rxb4 47. Nc6+) 47. Rd2 $1 {[%cal Rd2d6]} Nc8 48. Rd7 Rxb4 49. Rxg7 Rb2+ 50. Kg1 h5 51. Nc6 Rb5 52. Rc7 Rc5 53. Kf2 Rc2+ 54. Ke3 Rxh2 (54... Rc3+ $142 55. Kd2 Ra3 56. Rxc8+ Kb7) 55. Rxc8+ Kb7 56. Ne7 {White is clearly winning.} Rg2 57. Rg8 Ra2 58. Rh8 {Accuracy: White = 78%, Black = 42%.} 1-0

[Event "Stockholm Chess Challenge 2019"]
[Site "Stockholm"]
[Date "2019.04.28"]
[Round "5.3"]
[White "Siddharth, Jagadeesh"]
[Black "Jogstad, Martin"]
[Result "0-1"]
[WhiteElo "2132"]
[BlackElo "2267"]
[Annotator "ChessBase"]
[PlyCount "112"]
[EventDate "2019.04.26"]
[EventType "swiss"]
[EventCountry "SWE"]
[SourceTitle "playchess.com"]
[Source "ChessBase"]
[SourceQuality "1"]
[TimeControl "40/5400+30:900+30"]

1. Nf3 {[%emt 0:00:00]} d5 {[%emt 0:00:00]} 2. c4 {[%emt 0:00:34]} c6 {[%emt 0:00:00]} 3. g3 {[%emt 0:00:10]} Nf6 {[%emt 0:00:00]} 4. Bg2 {[%emt 0:00:07]} Bf5 {[%emt 0:00:10]} 5. Qb3 {[%emt 0:00:11]} Qb6 {[%emt 0:00:50]} 6. d3 {[%emt 0:00:58]} e6 {[%emt 0:00:49]} 7. Be3 {[%emt 0:00:13]} dxc4 {[%emt 0:09:16]} 8. dxc4 {[%emt 0:06:06]} Qxb3 {[%emt 0:02:20]} 9. axb3 {[%emt 0:00:53]} Nbd7 {[%emt 0:00:59]} 10. Nbd2 {[%emt 0:00:51]} Bc5 {[%emt 0:02:52]} 11. Bxc5 {[%emt 0:04:29]} Nxc5 {[%emt 0:00:10]} 12. Nh4 {[%emt 0:00:07]} Be4 {[%emt 0:22:10]} 13. Nxe4 {[%emt 0:00:31]} Ncxe4 {[%emt 0:00:13]} 14. O-O {[%emt 0:10:41]} Nd2 {[%emt 0:07:10]} 15. Rfd1 {[%emt 0:00:08]} O-O-O {[%emt 0:00:34]} 16. Re1 {[%emt 0:13:44]} a6 {[%emt 0:11:30]} 17. Ra3 {[%emt 0:03:57]} g5 {[%emt 0:00:24]} 18. Nf3 {[%emt 0:00:32]} Nxf3+ {[%emt 0:00:10]} 19. Bxf3 {[%emt 0:02:33]} g4 {[%emt 0:00:20]} 20. Bg2 {[%emt 0:00:39]} Rd2 {[%emt 0:00:25]} 21. Ra2 {[%emt 0:08:42]} Rhd8 {[%emt 0:00:30]} 22. e4 {[%emt 0:01:42]} Nd7 {[%emt 0:03:14]} 23. Ra5 {[%emt 0:08:43]} Rxb2 {[%emt 0:01:57]} 24. Rg5 {[%emt 0:00:11]} Rxb3 {[%emt 0:03:11]} 25. Rxg4 {[%emt 0:00:07]} Ne5 {[%emt 0:04:16]} 26. Rg7 {[%emt 0:00:27]} Rb2 {[%emt 0:02:18]} 27. Rxh7 {[%emt 0:00:56]} a5 {[%emt 0:02:11]} 28. Rh5 {[%emt 0:11:05]} Ng4 {[%emt 0:04:05]} 29. h3 {[%emt 0:08:41]} Nxf2 {[%emt 0:01:01]} 30. Rxa5 {[%emt 0:02:37]} Rdd2 {[%emt 0:02:02]} 31. Ra8+ {[%emt 0:01:36]} Kc7 {[%emt 0:03:04]} 32. Rf1 {[%emt 0:01:12]} f5 {[%emt 0:07:25]} 33. exf5 {[%emt 0:04:26]} exf5 {[%emt 0:00:14]} 34. Rf8 {[%emt 0:00:08]} Ng4 {[%emt 0:01:59]} 35. Bh1 {[%emt 0:02:08]} Nf2 {[%emt 0:01:50]} 36. Bg2 {[%emt 0:00:05]} Nd1 {[%emt 0:02:42]} 37. Bf3 {[%emt 0:00:26]} Ne3 {[%emt 0:01:04]} 38. Re1 {[%emt 0:00:46]} Nc2 {[%emt 0:00:17]} 39. Rf1 {[%emt 0:02:17]} Nd4 {[%emt 0:00:09]} 40. h4 {[%emt 0:00:31]} Rb3 {[%emt 0:03:53]} 41. Bg2 {[%emt 0:18:44]} Rxg3 {[%emt 0:05:18]} 42. Rf2 {[%emt 0:00:00]} Nf3+ {[%emt 0:01:38]} 43. Rxf3 {[%emt 0:00:00]} Rgxg2+ {[%emt 0:01:17]} 44. Kh1 {[%emt 0:00:00]} Rh2+ {[%emt 0:02:34]} 45. Kg1 {[%emt 0:00:00]} Rxh4 {[%emt 0:00:32]} 46. Rf7+ {[%emt 0:00:00]} Rd7 {[%emt 0:00:34]} 47. R3xf5 {[%emt 0:00:00]} Rxc4 {[%emt 0:00:27]} 48. Rxd7+ {[%emt 0:00:00]} Kxd7 {[%emt 0:00:04]} 49. Rf7+ {[%emt 0:00:00]} Kc8 {[%emt 0:00:09]} 50. Kf2 {[%emt 0:00:00]} Re4 {[%emt 0:00:09]} 51. Kf3 {[%emt 0:00:00]} Re8 {[%emt 0:00:07]} 52. Kf2 {[%emt 0:00:00]} Kb8 {[%emt 0:00:08]} 53. Kf3 {[%emt 0:00:00]} Ka7 {[%emt 0:00:04]} 54. Kf2 {[%emt 0:00:00]} Kb6 {[%emt 0:00:05]} 55. Kf3 {[%emt 0:00:00]} Re6 {[%emt 0:00:08]} 56. Kf2 {[%emt 0:00:00]} c5 {[%emt 0:00:06]} 0-1

[Event "Stockholm Chess Challenge 2019"]
[Site "Stockholm"]
[Date "2019.04.28"]
[Round "5.4"]
[White "Blomqvist, Erik"]
[Black "Soham Das"]
[Result "*"]
[WhiteElo "2496"]
[BlackElo "2367"]
[Annotator "TA"]
[PlyCount "59"]
[EventDate "2019.04.26"]
[EventType "swiss"]
[EventCountry "SWE"]
[SourceTitle "playchess.com"]
[Source "ChessBase"]
[SourceQuality "1"]

{[%evp 17,59,0,0,0,23,9,26,19,23,16,22,7,23,-12,8,-13,31,4,35,11,22,13,175,47,47,45,50,51,51,30,44,47,77,75,122,104,95,106,125,120,178,152,172,147]} 1. e4 c5 2. Nf3 d6 3. d4 Nf6 4. Nc3 cxd4 5. Nxd4 a6 6. g3 e5 7. Nde2 Nbd7 8. Bg2 Be7 9. O-O b5 10. Nd5 {B91: Sicilian Najdorf: 6 g3} (10. h3 Bb7 11. g4 b4 12. Nd5 Nxd5 13. exd5 O-O 14. Ng3 Re8 15. a3 a5 16. Be3 Bg5 17. Bxg5 Qxg5 18. axb4 axb4 19. Nf5 Ra6 20. Rxa6 Bxa6 {1-0 (58) Kryvoruchko,Y (2666)-Zhigalko,A (2590) Plovdiv 2012}) 10... Bb7 11. Nec3 Nb6 (11... O-O {feels hotter.} 12. Be3 Rc8 13. a4 Bxd5 14. Nxd5 Nxd5 15. Qxd5 bxa4 16. c3 Nb6) 12. Nxb6 {White has an edge.} Qxb6 13. Be3 $146 ({Predecessor:} 13. a4 b4 14. a5 Qc7 15. Nd5 Bxd5 16. exd5 Rb8 17. Be3 Bd8 {½-½ (34) Hoolt,S (2187)-Rietman,F (2227) Netherlands 2007}) 13... Qc7 14. a3 O-O 15. Qe2 Rac8 {[%cal Ba8c8,Bc8c4,Bc4e4][%mdl 32]} 16. Rfd1 Rfd8 17. Rd2 Qa5 18. Rd3 Rc4 19. Rad1 Nxe4 $2 {[#]} (19... Qc7 $11) 20. Bd2 (20. Bxe4 $18 Bxe4 21. Nxe4 Rxe4 22. Qf3) 20... Nxc3 $1 $14 (20... Nxd2 21. Bxb7 Rc7 22. b4 $16) 21. Bxc3 Qc7 22. Bxb7 Qxb7 {[#]} 23. Bxe5 $1 {[%mdl 576] Pin} Re4 (23... dxe5 24. Rxd8+) 24. Qf3 {[%cal Re5d6]} f6 25. Bc3 ({Wrong is} 25. Bxd6 $2 Rxd6 26. Kg2 Rb6 $19) 25... d5 26. Kg2 f5 27. Ba5 ({Not} 27. Qxf5 $2 d4 $19) 27... Rd6 28. Bb4 ({Don't do} 28. Qxf5 $6 d4 $14) 28... Rf6 (28... Rd7 $16 {was worth a try.}) 29. Bxe7 Qxe7 30. Rxd5 {Accuracy: White = 53%, Black = 30%.} *

[Event "Stockholm Chess Challenge 2019"]
[Site "Stockholm"]
[Date "2019.04.28"]
[Round "5.5"]
[White "Dev, Shah"]
[Black "Ojas Kulkarni"]
[Result "1/2-1/2"]
[WhiteElo "2020"]
[BlackElo "2240"]
[Annotator "NA"]
[PlyCount "52"]
[EventDate "2019.04.26"]
[EventType "swiss"]
[EventCountry "SWE"]
[SourceTitle "playchess.com"]
[Source "ChessBase"]
[SourceQuality "1"]
[TimeControl "40/5400+30:900+30"]

1. d4 {[%emt 0:00:19]} Nf6 {[%emt 0:00:00]} 2. c4 {[%emt 0:00:09]} g6 {[%emt 0:00:00]} 3. Nc3 {[%emt 0:00:14]} d5 {[%emt 0:00:06]} 4. cxd5 {[%emt 0:00:11]} Nxd5 {[%emt 0:00:07]} 5. e4 {[%emt 0:00:15]} Nxc3 {[%emt 0:00:04]} 6. bxc3 {[%emt 0:00:10]} Bg7 {[%emt 0:00:20]} 7. Nf3 {[%emt 0:00:10]} c5 {[%emt 0:00:44]} 8. Be3 {[%emt 0:00:07]} Qa5 {[%emt 0:02:09]} 9. Nd2 {[%emt 0:00:18] D85: Exchange Grünfeld: Unusual White 7th moves and lines with 7 Nf3} Bd7 {[%emt 0:01:01]} 10. Rb1 {[%emt 0:03:36]} cxd4 {[%emt 0:06:31]} 11. Nc4 $146 {[%emt 0:03:15]} ({Predecessor:} 11. cxd4 Nc6 12. Rb5 Qc3 13. Rb3 Qa5 14. Rb5 Qc3 15. Rb3 Qa5 {½-½ (15) Korobov,A (2689)-Najer,E (2683) Novi Sad 2016}) 11... Qa4 {[%emt 0:03:07]} 12. cxd4 {[%emt 0:03:59]} Qxd1+ {[%emt 0:00:14]} 13. Kxd1 {[%emt 0:02:34]} O-O {[%emt 0:03:26]} 14. Bd3 {[%emt 0:06:05]} b6 {[%emt 0:02:02]} 15. f4 {[%emt 0:06:20]} Rd8 {[%emt 0:16:48]} 16. Kd2 {[%emt 0:27:00]} e6 {[%emt 0:28:47]} 17. Rhc1 {[%emt 0:09:08]} Be8 {[%emt 0:00:12]} 18. Ne5 {[%emt 0:02:17]} Bxe5 {[%emt 0:04:09]} 19. fxe5 {[%emt 0:05:03]} Nc6 {[%emt 0:00:11]} 20. Rc4 {[%emt 0:00:39]} Na5 {[%emt 0:01:50]} 21. Rc7 {[%emt 0:07:11]} Nc6 {[%emt 0:00:19]} 22. Bb5 {[%emt 0:00:43]} Nxd4 {[%emt 0:02:20]} 23. Bxe8 {[%emt 0:00:13]} Nb5+ {[%emt 0:00:02]} 24. Rd7 {[%emt 0:00:03]} Na3 {[%emt 0:00:09]} 25. Rc1 {[%emt 0:10:04]} Rxe8 $11 {[%emt 0:00:46]} 26. Rcc7 {[%emt 0:04:57]} Red8 {[%emt 0:01:12]} 1/2-1/2

[Event "Stockholm Chess Challenge 2019"]
[Site "Stockholm"]
[Date "2019.04.28"]
[Round "5.6"]
[White "Kvaloy, Aksel Bu"]
[Black "Kucuksari, Kaan"]
[Result "0-1"]
[WhiteElo "2138"]
[BlackElo "2301"]
[Annotator "NA"]
[PlyCount "110"]
[EventDate "2019.04.26"]
[EventType "swiss"]
[EventCountry "SWE"]
[SourceTitle "playchess.com"]
[Source "ChessBase"]
[SourceQuality "1"]
[TimeControl "40/5400+30:900+30"]

1. e4 {[%emt 0:00:00]} c5 {[%emt 0:00:11]} 2. Nf3 {[%emt 0:00:00]} e6 {[%emt 0:00:05]} 3. d4 {[%emt 0:00:01]} cxd4 {[%emt 0:00:05]} 4. Nxd4 {[%emt 0:00:06]} a6 {[%emt 0:00:02]} 5. c4 {[%emt 0:00:18]} Nf6 {[%emt 0:00:04]} 6. Nc3 {[%emt 0:00:08]} Qc7 {[%emt 0:00:04]} 7. Be2 {[%emt 0:00:38]} b6 {[%emt 0:02:37]} 8. O-O {[%emt 0:02:49]} Bb7 {[%emt 0:00:09]} 9. Qd3 {[%emt 0:02:02]} d6 {[%emt 0:03:50]} 10. f4 {[%emt 0:02:16]} Nbd7 {[%emt 0:00:07]} 11. b4 {[%emt 0:00:33]} g6 {[%emt 0:05:09] B41: Sicilian: Kan Variation: 5 c4} (11... d5 12. exd5 Bxb4 13. dxe6 Nc5 14. exf7+ Kxf7 15. Qh3 Bxc3 16. Qxc3 Rhe8 17. Bf3 Nce4 18. Qb4 Rad8 19. Be3 {½-½ (31) Muzychuk,M (2540)-Adhiban,B (2689) Caleta 2019}) 12. Bb2 {[%emt 0:03:02]} Bg7 {[%emt 0:05:41]} 13. Rac1 {[%emt 0:02:21]} O-O {[%emt 0:00:26]} 14. Nd5 $146 {[%emt 0:10:01]} ({Predecessor:} 14. Ba1 Rac8 15. Nc2 Rfd8 16. Ne3 Qb8 17. g4 Ne8 18. g5 f6 19. h4 {1-0 (30) Moenster,M (1898)-Flach,H (1812) Willingen 2018}) 14... exd5 {[%emt 0:08:57]} 15. cxd5 {[%emt 0:00:49]} Qd8 {[%emt 0:00:02]} 16. Nc6 {[%emt 0:00:33]} Qe8 {[%emt 0:00:06]} 17. Bf3 {[%emt 0:06:00]} Nh5 {[%emt 0:05:49]} 18. Bxg7 {[%emt 0:04:39]} Nxg7 {[%emt 0:00:05]} 19. Rfe1 {[%emt 0:02:17]} f6 {[%emt 0:06:00]} 20. Qd4 {[%emt 0:07:07]} h5 {[%emt 0:10:22]} 21. a4 {[%emt 0:05:18]} Qf7 {[%emt 0:01:55]} 22. a5 {[%emt 0:02:51]} b5 {[%emt 0:00:44]} 23. g3 {[%emt 0:03:17]} Kh7 {[%emt 0:07:43]} 24. Re2 {[%emt 0:05:20]} Ne5 {[%emt 0:01:27]} 25. fxe5 {[%emt 0:19:43]} fxe5 {[%emt 0:00:03]} 26. Qe3 {[%emt 0:00:58]} Qxf3 {[%emt 0:02:33]} 27. Qxf3 {[%emt 0:00:13]} Rxf3 {[%emt 0:00:02]} 28. Ne7 {[%emt 0:00:12]} Ne8 {[%emt 0:01:47]} 29. Rec2 {[%emt 0:06:32]} Rf7 {[%emt 0:12:13]} 30. Nc8 {[%emt 0:02:07]} Kg7 {[%emt 0:02:36]} 31. Nb6 {[%emt 0:01:23]} Rb8 {[%emt 0:00:20]} 32. Kg2 {[%emt 0:02:29]} Nf6 {[%emt 0:01:04]} 33. Rc7 {[%emt 0:02:15]} Rbf8 {[%emt 0:00:22]} 34. Rxf7+ $19 {[%emt 0:04:52]} Rxf7 {[%emt 0:00:07]} 35. Re1 {[%emt 0:00:37]} Rc7 {[%emt 0:00:03]} 36. Re2 {[%emt 0:01:57]} Ng4 {[%emt 0:04:09]} 37. h3 {[%emt 0:01:47]} Rc2 {[%emt 0:00:09]} 38. Kf1 {[%emt 0:00:41]} Rxe2 {[%emt 0:00:13]} 39. Kxe2 {[%emt 0:00:08]} Nf6 {[%emt 0:00:09]} 40. Kf3 {[%emt 0:00:21]} Kf7 {[%emt 0:00:28]} 41. h4 {[%emt 0:16:09]} Ke7 {[%emt 0:15:04]} 42. Ke3 {[%emt 0:00:07]} Kd8 {[%emt 0:01:32]} 43. Kf3 {[%emt 0:00:17]} Kc7 {[%emt 0:00:38]} 44. Ke3 {[%emt 0:00:18]} Nd7 {[%emt 0:00:38]} 45. Nxd7 {[%emt 0:00:20]} Kxd7 {[%emt 0:00:01]} 46. Kf3 {[%emt 0:00:32]} Ke7 {[%emt 0:00:04]} 47. g4 {[%emt 0:00:35]} hxg4+ {[%emt 0:00:07]} 48. Kxg4 {[%emt 0:00:05]} Kf6 {[%emt 0:00:01]} 49. Kf3 {[%emt 0:00:56]} g5 {[%emt 0:00:17]} 50. hxg5+ {[%emt 0:00:07]} Kxg5 {[%emt 0:00:05]} 51. Kg3 {[%emt 0:00:05]} Bc8 {[%emt 0:00:07]} 52. Kf3 {[%emt 0:00:15]} Kh4 {[%emt 0:00:05]} 53. Kf2 {[%emt 0:00:18]} Kg4 {[%emt 0:00:03]} 54. Ke3 {[%emt 0:00:06]} Kg3 55. Kd2 Kf4 {[%emt 0:02:30]} 0-1

[Event "Stockholm Chess Challenge 2019"]
[Site "Stockholm"]
[Date "2019.04.28"]
[Round "5.7"]
[White "Kenneskog, Theodor"]
[Black "Sivaji Baskar S"]
[Result "0-1"]
[WhiteElo "2306"]
[BlackElo "1630"]
[Annotator "NA"]
[PlyCount "70"]
[EventDate "2019.04.26"]
[EventType "swiss"]
[EventCountry "SWE"]
[SourceTitle "playchess.com"]
[Source "ChessBase"]
[SourceQuality "1"]
[TimeControl "40/5400+30:900+30"]

1. d4 {[%emt 0:00:00]} Nf6 {[%emt 0:00:53]} 2. c4 {[%emt 0:00:00]} g6 {[%emt 0:00:20]} 3. Nc3 {[%emt 0:00:00]} Bg7 {[%emt 0:00:09]} 4. e4 {[%emt 0:00:00]} d6 {[%emt 0:00:23]} 5. h3 {[%emt 0:00:00]} O-O {[%emt 0:00:07]} 6. Be3 {[%emt 0:00:00]} e5 {[%emt 0:00:44]} 7. d5 {[%emt 0:00:02]} c6 {[%emt 0:01:50]} 8. g4 {[%emt 0:02:30] E71: King's Indian: 4 e4 d6 5 h3} (8. Nf3 a5 9. g4 Na6 10. Nd2 Nc5 11. Be2 Qc7 12. h4 Nfd7 13. h5 a4 14. g5 Qa5 15. a3 Rb8 16. Qc2 cxd5 17. Nxd5 Re8 18. hxg6 fxg6 19. O-O-O {0-1 (84) Anton Guijarro,D (2650)-Firouzja,A (2456) Doha 2016}) 8... cxd5 {[%emt 0:01:16]} 9. cxd5 {[%emt 0:00:07]} Bd7 $146 {[%emt 0:03:27]} ({Predecessor:} 9... Nbd7 10. Nge2 Nc5 11. Ng3 Qa5 12. f3 h6 13. g5 hxg5 14. Bxg5 b5 15. Be2 b4 {0-1 (35) Mladenovic,A (1953)-Stanojevic,M (2055) Belgrade 2018}) 10. Nge2 {[%emt 0:01:39]} b5 {[%emt 0:00:21]} 11. Ng3 {[%emt 0:00:06]} b4 {[%emt 0:07:56]} 12. Nb1 {[%emt 0:02:17]} a5 {[%emt 0:03:19]} 13. Nd2 {[%emt 0:01:09]} Na6 {[%emt 0:30:16]} 14. Nc4 {[%emt 0:09:26]} Nc5 {[%emt 0:02:42]} 15. f3 {[%emt 0:00:57]} Ba4 {[%emt 0:08:24]} 16. b3 {[%emt 0:05:29]} Be8 {[%emt 0:00:31]} 17. Rc1 {[%emt 0:00:58]} Rc8 {[%emt 0:00:46]} 18. g5 {[%emt 0:06:42]} Nh5 {[%emt 0:00:44]} 19. Nxh5 {[%emt 0:00:05]} gxh5 {[%emt 0:00:06]} 20. h4 {[%emt 0:00:11]} f5 {[%emt 0:03:33]} 21. exf5 {[%emt 0:00:21]} Rxf5 {[%emt 0:00:23]} 22. Bh3 {[%emt 0:00:34]} Bg6 {[%emt 0:03:26]} 23. O-O {[%emt 0:07:06]} Rf8 {[%emt 0:11:54]} 24. Bxc8 {[%emt 0:10:10]} Qxc8 {[%emt 0:00:09]} 25. Kh2 {[%emt 0:00:25]} Nd3 {[%emt 0:06:58]} 26. Nb2 {[%emt 0:17:25]} Nxc1 {[%emt 0:00:16]} 27. Bxc1 {[%emt 0:00:57]} e4 {[%emt 0:02:15]} 28. Nc4 {[%emt 0:00:54]} exf3 {[%emt 0:00:58]} 29. Rxf3 {[%emt 0:00:03]} Be4 {[%emt 0:00:20]} 30. Rxf8+ {[%emt 0:00:52]} Qxf8 {[%emt 0:00:02]} 31. Be3 $2 {[%emt 0:04:24]} (31. Kg3 $1 $11) 31... Qf7 {[%emt 0:02:10]} 32. Kg1 {[%emt 0:01:40] [#]} Bxd5 $17 {[%emt 0:02:13]} (32... Bf3 $1 $19 {[%cal Rf3d1]} 33. Qf1 Qf5) 33. Nxd6 {[%emt 0:09:30]} Qe6 {[%emt 0:00:13]} 34. Bf4 {[%emt 0:08:09]} Bd4+ {[%emt 0:00:27]} 35. Kh2 {[%emt 0:00:06]} Be5 {[%emt 0:00:08]} 0-1